[Event "LSS No Engine Cup 59 Preliminary 6"]
[Site "LSS email"]
[Date "2012.02.06"]
[Round "?"]
[White "Winter, Malcolm J"]
[Black "Boyd, John Michael"]
[Result "1/2-1/2"]
[WhiteElo "1089"]
[BlackElo "1726"]
[PlyCount "106"]
[EventDate "2012.02.07"]
[EventType "tourn (corr)"]
[EventRounds "6"]
[EventCountry "GER"]
[SourceTitle "Telechess CBM 153"]
[Source "ChessBase"]
[SourceDate "2013.03.14"]
[SourceVersion "1"]
[SourceVersionDate "2013.03.14"]
[SourceQuality "1"]

1. d4 d6 2. Nf3 g6 3. c3 Bg7 4. Bg5 Nf6 5. Nbd2 Nbd7 6. e3 0-0 7. Be2 b6 8. 0-0 Bb7 9. Rc1 c5 10. b4 Rc8 11. a4 a6 12. b5 axb5 13. axb5 cxd4 14. exd4 Ne4 15. Nxe4 Bxe4 16. Re1 Bb7 17. Qd2 Bxf3 18. Bxf3 Nf6 19. Bc6 d5 20. Qa2 e6 21. Qa7 Qc7 22. Qxc7 Rxc7 23. Bxf6 Bxf6 24. Ra1 Rcc8 25. Ra6 Rb8 26. f4 Be7 27. Bxd5 Bd6 28. Bc6 Bxf4 29. Re2 Bg5 30. Kf2 Rfd8 31. Rea2 Bf6 32. Ra8 Rxa8 33. Rxa8 Rxa8 34. Bxa8 Kf8 35. Ke3 Ke7 36. c4 Kd6 37. Bc6 Bg5+ 38. Kd3 e5 39. Bd5 exd4 40. Kxd4 Bf4 41. Bxf7 Bxh2 42. Ke4 Ke7 43. Bg8 h6 44. Kd5 Kf6 45. c5 bxc5 46. Kxc5 Ke7 47. Kc6 Kd8 48. Kb7 g5 49. g4 Kd7 50. Bh7 Bg3 51. Bf5+ Kd8 52. Kc6 Bf4 53. Bg6 Bg3 1/2-1/2

[Event "CP-2011-P-00064"]
[Site "LSS email"]
[Date "2011.09.30"]
[Round "?"]
[White "Boyd, John Michael"]
[Black "Costa, Isabelle"]
[Result "0-1"]
[WhiteElo "1725"]
[BlackElo "1627"]
[PlyCount "90"]
[EventDate "2011.10.01"]
[EventType "tourn (corr)"]
[EventRounds "6"]
[EventCountry "GER"]
[SourceTitle "Telechess CBM 155"]
[Source "ChessBase"]
[SourceDate "2013.07.16"]
[SourceVersion "1"]
[SourceVersionDate "2013.07.16"]
[SourceQuality "1"]

1. Nf3 c5 2. c4 Nc6 3. g3 g6 4. Bg2 Bg7 5. Nc3 d6 6. 0-0 e5 7. a3 Nge7 8. Rb1 a5 9. d3 0-0 10. Ne1 Be6 11. Nc2 d5 12. cxd5 Nxd5 13. Ne3 Nde7 14. Bd2 b6 15. a4 Ra7 16. b3 Rd7 17. Qc2 f5 18. Nc4 Nb4 19. Qc1 e4 20. Bh6 exd3 21. Bxg7 Kxg7 22. exd3 Nec6 23. Nb5 Rf6 24. Re1 Nxd3 25. Qe3 Nxe1 26. Qxe1 Bxc4 27. bxc4 Nb4 28. Bf3 Re7 29. Qc3 Qd3 30. Qxd3 Nxd3 31. Nc3 Rfe6 32. Bd5 Re1+ 33. Rxe1 Rxe1+ 34. Kg2 Rc1 35. Nb5 Rc2 36. Nd6 Rxf2+ 37. Kg1 Ra2 38. h4 Rxa4 39. Ne8+ Kf8 40. Nf6 Ke7 41. Nxh7 Ra1+ 42. Kg2 a4 43. Ng5 a3 44. Nf3 a2 45. Nd2 Rb1 0-1

[Event "CP-2010-P-00060"]
[Site "LSS email"]
[Date "2010.09.28"]
[Round "?"]
[White "Boyd, John Michael"]
[Black "Khokhlov, Igor I"]
[Result "0-1"]
[WhiteElo "1920"]
[BlackElo "2149"]
[PlyCount "60"]
[EventDate "2010.10.01"]
[EventType "tourn (corr)"]
[EventRounds "6"]
[EventCountry "GER"]
[SourceTitle "Telechess CBM 143"]
[Source "ChessBase"]
[SourceDate "2011.07.15"]
[SourceVersion "1"]
[SourceVersionDate "2011.07.15"]
[SourceQuality "1"]

1. Nf3 d5 2. c4 e6 3. g3 Nf6 4. Bg2 c5 5. cxd5 exd5 6. 0-0 Nc6 7. d4 Be7 8. Nc3 0-0 9. Bg5 c4 10. Ne5 Be6 11. e3 h6 12. Bxf6 Bxf6 13. Qh5 Bxe5 14. dxe5 Nb4 15. a3 Nd3 16. Rab1 d4 17. exd4 Qxd4 18. Ne4 Rad8 19. Rbd1 Rd5 20. Nf6+ gxf6 21. Qxh6 Rxe5 22. Qxf6 Re8 23. h3 Bf5 24. Qg5+ Bg6 25. Qg4 Qxg4 26. hxg4 Nxb2 27. Rd7 c3 28. Rxb7 Re1 29. Bc6 c2 30. Bxe8 Rxf1+ 0-1